000 00703cam a2200193 a 4500
001 000013059
005 20200929163129.0
008 810226s1966 nyu 001 0 eng
040 _aDO-SdBNP
_beng
_cBNPHU
050 0 0 _aJK274
_b.C278 1965
100 1 _aCarr, Robert Kenneth,
_d1908-
_930182
245 1 0 _aAmerican democracy in theory and practice /
_cessentials of national, state, and local government.
250 _a3a ed.
260 _aNew York :
_bHolt, Rinehart and Winston,
_c1966.
300 _a658 p. :
_bil. ;
_c24 cm.
651 0 _aUnited States
_xPolitics And Government
_vHandbooks, manuals, etc.
_930183
700 1 _aBernstein, Marver H.
_930184
700 1 _aMurphy, Walter F.,
_d1929-
_930185
999 _c12701
_d12701